Responsabilidad penal de los funcionarios públicos (Registro nro. 24027)

Detalles MARC
000 -LEADER
fixed length control field 00326 a2200109 4500
001 - CONTROL NUMBER
control field ART_31294
005 - DATE AND TIME OF LATEST TRANSACTION
control field 20260410161840.0
008 - FIXED-LENGTH DATA ELEMENTS--GENERAL INFORMATION
fixed length control field 260409a
100 1# - MAIN ENTRY--PERSONAL NAME
Personal name Stortoni, Gabriela A.
245 10 - TITLE STATEMENT
Title Responsabilidad penal de los funcionarios públicos
773 0# - HOST ITEM ENTRY
Title RAP
Related parts - Año 36, Nº 427 (abr. 2014)
Record control number REV5941

No hay ítems disponibles.